AGRISCIENCE: FUNDAMENTALS AND PRACTICE (Record no. 211579)
[ view plain ]
| 000 -LEADER | |
|---|---|
| fixed length control field | 00378nam a22001457a 4500 |
| 008 - FIXED-LENGTH DATA ELEMENTS--GENERAL INFORMATION | |
| fixed length control field | 240822b |||||||| |||| 00| 0 eng d |
| 020 ## - INTERNATIONAL STANDARD BOOK NUMBER | |
| International Standard Book Number | 978-1-4390-5569-4 |
| 100 ## - MAIN ENTRY--PERSONAL NAME | |
| Personal name | BURTON L. DEVERE |
| 245 ## - TITLE STATEMENT | |
| Title | AGRISCIENCE: FUNDAMENTALS AND PRACTICE |
| 250 ## - EDITION STATEMENT | |
| Edition statement | 5TH |
| 260 ## - PUBLICATION, DISTRIBUTION, ETC. | |
| Place of publication, distribution, etc. | NEW YORK |
| Name of publisher, distributor, etc. | DELMAR |
| Date of publication, distribution, etc. | 2010 |
| 500 ## - GENERAL NOTE | |
| General note | INCLUDES AN INDEX |
| 942 ## - ADDED ENTRY ELEMENTS (KOHA) | |
| Source of classification or shelving scheme | Library of Congress Classification |
| Koha item type | Long Loan Book |
| Withdrawn status | Lost status | Source of classification or shelving scheme | Damaged status | Not for loan | Collection | Home library | Current library | Shelving location | Date acquired | Inventory number | Total checkouts | Full call number | Barcode | Date last seen | Copy number | Price effective from | Koha item type |
|---|---|---|---|---|---|---|---|---|---|---|---|---|---|---|---|---|---|
| Library of Congress Classification | Science & Technology | Kisii University Library | Kisii University Library | On Display | 08/22/2024 | 28652 | S 495 .B87 2010 | 000000009423 | 08/22/2024 | c.1 | 08/22/2024 | Long Loan Book |